Φυσική επιλογή γενετική και ποικιλότητα
Αποθηκεύτηκε σε:
| Συγγραφή απο Οργανισμό/Αρχή: | |
|---|---|
| Άλλοι συγγραφείς: | , |
| Μορφή: | Βιβλίο |
| Γλώσσα: | Greek English |
| Δημοσίευση: |
Αθήνα :
Κουτσουμπός,
1987.
|
| Σειρά: | Ανοικτό Πανεπιστήμιο (Κουτσουμπός)
|
| Θέματα: | |
| Ετικέτες: |
Προσθήκη ετικέτας
Δεν υπάρχουν, Καταχωρήστε ετικέτα πρώτοι!
|
MARC
| LEADER | 00000cam a2200000 i 4500 | ||
|---|---|---|---|
| 001 | 1/49900 | ||
| 008 | 941103s1987 gr | ||| |||| ||gre|| | ||
| 035 | |a 1988 |l 10043734 | ||
| 040 | |a GR-MyUA |b gre |e AACR2 | ||
| 041 | 1 | |a gre |h eng | |
| 082 | 7 | |a 575.1 |2 (22) | |
| 110 | 2 | |a Open University. | |
| 245 | 1 | 0 | |a Φυσική επιλογή γενετική και ποικιλότητα / |c The Open University ; μετάφραση: Γιώργος Μπαρουξής ; επιμέλεια: Ελέγκω Μανουσάκη. |
| 260 | |a Αθήνα : |b Κουτσουμπός, |c 1987. | ||
| 300 | |a 157 σ. : |b εικ. ; |c 22 εκ. | ||
| 490 | 1 | |a (Ανοικτό Πανεπιστήμιο / Κουτσουμπός) | |
| 500 | |a Τίτλος πρωτοτύπου: Natural selection. | ||
| 650 | 0 | 0 | |a Heredity. |
| 650 | 0 | 0 | |a Variation (Biology) |
| 650 | 0 | 0 | |a Genetics. |
| 650 | 0 | 0 | |a Human genetics. |
| 700 | 1 | |a Μπαρουξής, Γιώργος, |e trl | |
| 700 | 1 | |a Μανουσάκη, Ελέγκω, |e edtf | |
| 830 | 0 | |a Ανοικτό Πανεπιστήμιο (Κουτσουμπός) | |
| 852 | |a INST |b SAMOS |e 19941103 |h 575.1 ΦΥΣ |p 005300000913 |q 005300000913 |t BK |y 0 | ||
| 909 | |a Σ |b 011425 | ||
| 970 | |z 03/11/1994 | ||